000 01351nam a2200349 a 4500
001 ebr10459601
003 CaPaEBR
006 m u
007 cr cn|||||||||
008 100921s2010 enka sb 001 0 eng d
010 _z 2010534622
020 _z9781905539277
020 _z1905539274 (pbk.)
020 _z9781907830273 (e-book)
040 _aCaPaEBR
_cCaPaEBR
035 _a(OCoLC)760884524
050 1 4 _aR733
_b.S67 2010eb
082 0 4 _a615.5
_222
245 0 0 _aSpiritual assessment in healthcare practice
_h[electronic resource] /
_cedited by Wilfred McSherry and Linda Ross ; with a foreword by Androulla Johnstone.
260 _aKeswick, England :
_bM & K,
_c2010.
300 _axii, 175 p. :
_bill.
504 _aIncludes bibliographical references and index.
533 _aElectronic reproduction.
_bPalo Alto, Calif. :
_cebrary,
_d2013.
_nAvailable via World Wide Web.
_nAccess may be limited to ebrary affiliated libraries.
650 0 _aSpiritual care (Medical care)
650 0 _aPatients
_xReligious life.
655 7 _aElectronic books.
_2local
700 1 _aMcSherry, Wilfred.
700 1 _aRoss, Linda.
700 1 _aJohnstone, Androulla.
710 2 _aebrary, Inc.
856 4 0 _uhttp://site.ebrary.com/lib/rucke/Doc?id=10459601
_zAn electronic book accessible through the World Wide Web; click to view
999 _c229374
_d229374